000 00315 a2200145 4500
003 Nust
005 20170207154118.0
040 _cNust
082 _a891.914
100 _aCol Muhammad Khan
245 _aBazam Ariaan
260 _aLahore
_bGhalib Publishers
300 _a232 pages
538 _aAlmirah No.67, Shelf No.2
942 _2ddc
_cBK
999 _c194159
_d194159